000 02034cam a22004454i 4500
003 PE-LiUPU
005 20250731165409.0
008 151019s2012 pe a grm 000 0 spa d
035 _a(Sirsi) a154914
040 _aPE-LiUPU
_bspa
_cPE-LiUPU
_erda
099 _aTEF 2
_bB31 2012
100 1 _aBecerril Grandez, Neisi
_eautor
245 1 _aEficacia del sulfato ferroso y multimicronutrientes en el incremento de hemoglobina en los niños de 6 a 36 meses de edad, en los distritos de San Juan de Rontoy y Llamellin, provincia Antonio Raimondi, Ancash 2011.
264 0 _c2012.
300 _a84 hojas :
_bilustraciones;
_c30 cm
336 _atext
_2rdacontent
337 _aunmediated
_2rdamedia
338 _avolume
_2rdacarrier
502 _aTesis
_b(Lic.) --
_cUniversidad Peruana Unión,
_d2012.
504 _aIncluye referencias
520 3 _aUtilizando el diseño pre experimental, se seleccionaron en total 100 niños; 55 del distrito de Llamellin. Del distrito de San Juan de Rontoy fueron seleccionados 45 niños. En ambos distritos los niños con anemia moderada o severa, recibieron suplemento de Ferrán 1mg/Kg/día; en tanto que los niños con anemia leve o sin anemia recibieron suplemento de multimicronutrientes 1 sobrecito diario, conocido como "chispitas". -La administración de Ferrán en niños de los distritos de Llamellin y San Juan de Rontoy en forma de suplemento es eficaz para prevenir la anemia ferropénica en los niños de 6 a 36 meses de edad (p0.05).
526 _aSEG44
526 _aSEG26
526 _aP151
526 _aP150
526 _aP149
526 _aP146
526 _aP145
526 _aP126
526 _aP125
526 _aP92
526 _aP75
526 _aP74
526 _aP27
526 _aP15
650 0 4 _aAnemia en niños
_xPrevención.
596 _a1
942 _2ddc
_cTESIS
999 _aTEF 2 B31 2012
_wALPHANUM
_c7607
_iT01325
_lCCODEBUL3
_mBUL
_r1
_sY
_tTESIS
_u2015-10-19
_xSALUD
_PP22
_o.STAFF. Tesis
_d7607
980 _81
_gALBERTO SANCHEZ Responsable de Automatización